MARC details
| 000 -CABECERA |
| campo de control de longitud fija |
02832cam a2200481 i 4500 |
| 001 - NÚMERO DE CONTROL |
| campo de control |
8670128 |
| 003 - IDENTIFICADOR DEL NÚMERO DE CONTROL |
| campo de control |
CaAEU |
| 005 - FECHA Y HORA DE LA ÚLTIMA TRANSACCIÓN |
| campo de control |
20260511121914.0 |
| 006 - CÓDIGOS DE INFORMACIÓN DE LONGITUD FIJA--CARACTERÍSTICAS DEL MATERIAL ADICIONAL |
| campo de control de longitud fija |
m o d |
| 007 - CAMPO FIJO DE DESCRIPCIÓN FÍSICA--INFORMACIÓN GENERAL |
| campo de control de longitud fija |
cr cnu---unuuu |
| 008 - DATOS DE LONGITUD FIJA--INFORMACIÓN GENERAL |
| campo de control de longitud fija |
161219t20162017caua ob 001 0 eng d |
| 020 ## - NÚMERO INTERNACIONAL ESTÁNDAR DEL LIBRO |
| Número Internacional Estándar del Libro |
9781491910368 |
| Información calificativa |
(electronic bk.) |
| 020 ## - NÚMERO INTERNACIONAL ESTÁNDAR DEL LIBRO |
| Número Internacional Estándar del Libro |
1491910364 |
| Información calificativa |
(electronic bk.) |
| 020 ## - NÚMERO INTERNACIONAL ESTÁNDAR DEL LIBRO |
| Número Internacional Estándar del Libro |
9781491910337 |
| Información calificativa |
(electronic bk.) |
| 020 ## - NÚMERO INTERNACIONAL ESTÁNDAR DEL LIBRO |
| Número Internacional Estándar del Libro |
149191033X |
| Información calificativa |
(electronic bk.) |
| 020 ## - NÚMERO INTERNACIONAL ESTÁNDAR DEL LIBRO |
| Número Internacional Estándar del Libro |
9781491910344 |
| Información calificativa |
(electronic bk.) |
| 020 ## - NÚMERO INTERNACIONAL ESTÁNDAR DEL LIBRO |
| Número Internacional Estándar del Libro |
9781491910399 |
| 020 ## - NÚMERO INTERNACIONAL ESTÁNDAR DEL LIBRO |
| ISBN cancelado o inválido |
9781491910399 |
| 035 ## - NÚMERO DE CONTROL DEL SISTEMA |
| Número de control de sistema |
ocn966429425 |
| 037 ## - FUENTE DE ADQUISICIÓN |
| Número de adquisición |
17A40AC7-2948-4F90-9C18-207341CE0160 |
| Fuente del número de adquisición |
OverDrive, Inc. |
| Nota |
http://www.overdrive.com |
| 039 ## - NIVEL DE CONTROL BIBLIOGRÁFICO Y DETALLES DE CODIFICACIÓN [OBSOLETO] |
| Nivel de reglas en descripción bibliográfica |
exclude |
| 040 ## - FUENTE DE LA CATALOGACIÓN |
| Centro catalogador/agencia de origen |
N$T |
| Lengua de catalogación |
eng |
| Normas de descripción |
rda |
| -- |
pn |
| Centro/agencia transcriptor |
N$T |
| Centro/agencia modificador |
WAU |
| -- |
N$T |
| -- |
TEFOD |
| -- |
OCLCF |
| -- |
YDX |
| -- |
TOH |
| -- |
TZA |
| -- |
CWJ |
| -- |
IUP |
| -- |
ORZ |
| -- |
IDEBK |
| -- |
EBLCP |
| -- |
UMI |
| -- |
STF |
| -- |
HEBIS |
| -- |
OCLCO |
| -- |
OCLCQ |
| -- |
MCW |
| -- |
COO |
| -- |
CEF |
| -- |
KSU |
| -- |
LIP |
| -- |
VT2 |
| -- |
DEBBG |
| -- |
OTZ |
| -- |
DKU |
| -- |
OCLCQ |
| -- |
WYU |
| -- |
C6I |
| -- |
ZCU |
| -- |
OCLCQ |
| -- |
UAB |
| -- |
NRC |
| -- |
UKAHL |
| -- |
AEU |
| 041 ## - CÓDIGO DE LENGUA |
| Código de lengua del texto/banda sonora o título independiente |
English |
| 050 #4 - SIGNATURA TOPOGRÁFICA DE LA BIBLIOTECA DEL CONGRESO |
| Número de clasificación |
QA76 |
| 100 ## - ENTRADA PRINCIPAL--NOMBRE DE PERSONA |
| Nombre de persona |
Wickham, Hadley |
| Término indicativo de función/relación |
author. |
| 9 (RLIN) |
12310 |
| 245 10 - MENCIÓN DE TÍTULO |
| Título |
R for data science |
| Resto del título |
: import, tidy, transform, visualize, and model data |
| Mención de responsabilidad, etc. |
/ Hadley Wickham & Garrett Grolemund. |
| 250 ## - MENCIÓN DE EDICIÓN |
| Mención de edición |
First edition. |
| 264 #1 - PRODUCCIÓN, PUBLICACIÓN, DISTRIBUCIÓN, FABRICACIÓN Y COPYRIGHT |
| Producción, publicación, distribución, fabricación y copyright |
Sebastopol, CA : |
| Nombre del de productor, editor, distribuidor, fabricante |
O'Reilly Media, |
| Fecha de producción, publicación, distribución, fabricación o copyright |
2016. |
| 264 #4 - PRODUCCIÓN, PUBLICACIÓN, DISTRIBUCIÓN, FABRICACIÓN Y COPYRIGHT |
| Fecha de producción, publicación, distribución, fabricación o copyright |
©2017 |
| 300 ## - DESCRIPCIÓN FÍSICA |
| Extensión |
1 online resource : |
| Otras características físicas |
illustrations (some color) |
| 504 ## - NOTA DE BIBLIOGRAFÍA, ETC. |
| Nota de bibliografía, etc. |
Includes bibliographical references and index. |
| 505 ## - NOTA DE CONTENIDO CON FORMATO |
| Nota de contenido con formato |
Part I. Explore — Part II. Wrangle — Part III. Program — Part IV. Model — Part V. Communicate. |
| 520 ## - SUMARIO, ETC. |
| Sumario, etc. |
Learn how to use R to turn raw data into insight, knowledge, and understanding. This book introduces you to R, RStudio, and the tidyverse, a collection of R packages designed to work together to make data science fast, fluent, and fun. Suitable for readers with no previous programming experience, R for Data Science is designed to get you doing data science as quickly as possible. ; Authors Hadley Wickham and Garrett Grolemund guide you through the steps of importing, wrangling, exploring, and modeling your data and communicating the results. You'll get a complete, big-picture understanding of the data science cycle, along with basic tools you need to manage the details. Each section of the book is paired with exercises to help you practice what you've learned along the way. |
| 588 0# - NOTA DE FUENTE DE LA DESCRIPCIÓN |
| Nota de fuente de la descripción |
Online resource; title from PDF title page (EBSCO, viewed December 22, 2016). |
| 650 #0 - PUNTO DE ACCESO ADICIONAL DE MATERIA--TÉRMINO DE MATERIA |
| Término de materia o nombre geográfico como elemento de entrada |
Electronic data processing |
| 9 (RLIN) |
12308 |
| 650 #0 - PUNTO DE ACCESO ADICIONAL DE MATERIA--TÉRMINO DE MATERIA |
| Término de materia o nombre geográfico como elemento de entrada |
R (Computer program language) |
| 9 (RLIN) |
12305 |
| 650 #0 - PUNTO DE ACCESO ADICIONAL DE MATERIA--TÉRMINO DE MATERIA |
| Término de materia o nombre geográfico como elemento de entrada |
Databases |
| 9 (RLIN) |
8234 |
| 650 #0 - PUNTO DE ACCESO ADICIONAL DE MATERIA--TÉRMINO DE MATERIA |
| Término de materia o nombre geográfico como elemento de entrada |
Big data |
| 9 (RLIN) |
3389 |
| 700 ## - ENTRADA AGREGADA--NOMBRE PERSONAL |
| Nombre de persona |
Grolemund, Garrett |
| Término indicativo de función/relación |
author. |
| 9 (RLIN) |
12309 |
| 776 08 - ENTRADA DE FORMULARIO FÍSICO ADICIONAL |
| Información de relación/Frase instructiva de referencia |
Print version: |
| Número Internacional Estándar del Libro |
9781491910368 |
| 856 ## - LOCALIZACIÓN Y ACCESO ELECTRÓNICOS |
| Identificador Uniforme del Recurso |
<a href="https://bibliotheque.tbs-education.fr/Default/doc/SYRACUSE/3393491/r-for-data-science-import-tidy-transform-visualize-and-model-data-hadley-wickham">https://bibliotheque.tbs-education.fr/Default/doc/SYRACUSE/3393491/r-for-data-science-import-tidy-transform-visualize-and-model-data-hadley-wickham</a> |
| 942 ## - ELEMENTOS DE ENTRADA AGREGADA (KOHA) |
| Fuente del sistema de clasificación o colocación |
Clasificación de Library of Congress |